[Event "FIDE WCC 2018"]
[Site "Khanty-Mansiysk"]
[Date "2018.11.08"]
[Round "2.4"]
[White "Zhao, Xue"]
[Black "Abdumalik, Zhansaya"]
[Result "0-1"]
[WhiteElo "2478"]
[BlackElo "2473"]
[Annotator "TA"]
[PlyCount "108"]
[EventDate "2018.11.03"]
[EventType "k.o."]
[EventCountry "RUS"]
[SourceTitle "playchess.com"]
[Source "ChessBase"]
[SourceQuality "1"]

{[%evp 25,108,0,0,-33,0,-31,0,0,0,0,0,0,17,0,18,9,37,30,41,0,0,0,0,22,7,0,11,0,4,0,6,0,33,25,34,38,43,0,12,-32,-31,-529,-512,-516,-530,-530,-525,-525,-522,-521,-475,-551,-543,-519,-525,-533,-520,-564,-536,-563,-545,-689,-634,-1185,-1214,-1212,-1176,-1197,-1179,-1205,-856,-1802,-1280,-1222,-1164,-1072,-1054,-1582,-1499,-1248,-1160,-5115,-5089,-29958,-11788]} 1. d4 Nf6 2. c4 g6 3. g3 Bg7 4. Bg2 c5 5. d5 O-O 6. Nc3 e6 7. Nf3 exd5 8. cxd5 d6 9. O-O Re8 10. Re1 a6 11. a4 Nbd7 12. Bf4 {A63: Modern Benoni: Fianchetto Variation: 9...Nbd7} (12. h3 Rb8 13. Bf4 Qc7 14. a5 b5 15. axb6 Nxb6 16. Rc1 Ne4 17. Nxe4 Rxe4 18. b3 a5 19. Nd2 Rd4 20. e4 Ba6 21. Be3 Rb4 {0-1 (38) Xiong,J (2652)-Vachier Lagrave,M (2795) chess.com INT 2017}) 12... Ng4 13. h3 Nge5 {LiveBook: 3 Games} 14. Nd2 {The position is equal.} Rb8 15. a5 $146 ({Predecessor:} 15. Nce4 Qc7 16. Qc2 b5 17. axb5 axb5 18. b4 c4 19. Nc3 Nf6 {0-1 (39) Clavijo,J (2319)-Aroshidze,L (2568) Sabadell 2012}) 15... b5 (15... g5 $5 {[%cal Rg5f4]} 16. Be3 f5 $15) 16. axb6 $1 Rxb6 17. Qc2 Rb4 18. Ra4 Rb8 19. Ra2 Nb6 20. b3 Qc7 21. Rc1 f5 22. Nd1 Qe7 23. Ne3 g5 24. Bxe5 $1 Qxe5 25. Ndc4 Nxc4 26. Nxc4 Qf6 27. Qd3 h5 28. e3 {[%cal Be2e3,Be3e4][%mdl 32]} h4 29. gxh4 g4 30. hxg4 fxg4 31. e4 {Strongly threatening Qg3.} Rf8 32. Qg3 Bh6 $1 {[%cal Rh6c1]} 33. Ne3 $2 {[%mdl 8192]} (33. e5 $15 dxe5 34. Rc3) 33... Bf4 $19 34. Nxg4 Qg7 35. Nh6+ Bxh6 36. Rc3 Bf4 37. Qxg7+ Kxg7 38. Bh3 Be5 39. Rd3 Bxh3 40. Rxh3 Rb6 41. Kg2 Rf4 42. Ra4 Bd4 43. f3 Kh6 44. Ra3 Bb2 45. Ra2 Be5 46. Ra3 Kh5 47. Rg3 Rxh4 48. Rg8 Rh2+ 49. Kg1 {[#]} c4 $1 50. f4 (50. bxc4 Rb1#) 50... Bxf4 51. Rh8+ Kg4 52. Rg8+ Kf3 53. bxc4+ Kxe4 {[%cal Rb6b1] [#]} 54. Ra1 Rbb2 {Precision: White = 20%, Black = 66%.} 0-1

[Event "FIDE WCC 2018"]
[Site "Khanty-Mansiysk"]
[Date "2018.11.08"]
[Round "2.4"]
[White "Khotenashvili, Bela"]
[Black "Harika, Dronavalli"]
[Result "0-1"]
[WhiteElo "2477"]
[BlackElo "2498"]
[Annotator "TA"]
[PlyCount "100"]
[EventDate "2018.11.03"]
[EventType "k.o."]
[EventCountry "RUS"]
[SourceTitle "playchess.com"]
[Source "ChessBase"]
[SourceQuality "1"]

{[%evp 15,100,33,14,21,27,30,54,27,13,20,32,-3,0,-10,-8,-18,0,-58,-16,-15,-16,-35,0,-90,-76,-85,-86,-118,-111,-128,-102,-108,-108,-146,-127,-136,-139,-147,-57,-63,-50,-147,-154,-174,-160,-512,-506,-694,-695,-686,-670,-642,-618,-708,-763,-751,-750,-738,-737,-734,-731,-722,-713,-774,-766,-809,-735,-735,-727,-983,-973,-881,-833,-1310,-1151,-4785,-4373,-29980,-29981,-29981,-29981,-29981,-29978,-29981,-29980,-29978,-29964]} 1. d4 d6 2. Nf3 g6 3. e4 Nf6 4. Nc3 Bg7 5. Bc4 O-O 6. O-O Bg4 7. h3 Bxf3 8. Qxf3 Nc6 {LiveBook: 22 Partien} 9. Qd1 {B08: Pirc-Ufimzew-Verteidigung} (9. Be3 e5 10. dxe5 Nxe5 11. Qe2 Nxc4 12. Qxc4 Re8 13. Rad1 a6 14. a4 Re6 15. f3 c6 16. Qb3 Qc7 17. Qb6 Qe7 18. Bg5 h6 19. Bh4 {0-1 (56) Vallejo Pons,F (2705)-Gashimov,V (2757) Beijing 2011}) 9... e5 10. d5 Ne7 11. Bd3 $146 {Weiß steht etwas besser.} ({Vorgänger:} 11. Bg5 Ne8 12. Be2 f5 13. f4 h6 14. Bxe7 Qxe7 15. fxe5 Qxe5 16. exf5 Rxf5 17. Rxf5 Qxf5 {0-1 (65) Du Plessis,A (1442)-Surujhlal,K (1139) Waterkloof 2015}) 11... c6 12. dxc6 bxc6 13. a4 d5 14. a5 Rb8 15. Qe1 Qc7 16. f4 (16. f3 $11) 16... dxe4 17. Nxe4 Nxe4 18. Qxe4 Nf5 {Droht stark ...Sg3.} (18... f5 $5 {[%cal Rf5e4]} 19. Qc4+ Nd5 20. fxe5 Rfe8 $15) 19. Qc4 (19. Qf3 $11 {bleibt in der Remisbreite.}) 19... Nd6 $17 20. Qa4 {[#]} c5 $1 {[%cal Bc6c5,Bc5c4][%mdl 32]} 21. c3 c4 22. Bc2 Qc5+ 23. Kh1 Rfe8 24. Qa3 Qxa3 25. Rxa3 exf4 26. Ba4 Re4 (26... Re6 $17 {Weiss muss nun ...Se4 beachten.} 27. Bxf4 Rxb2) 27. Bc6 $15 Re6 $36 {[%mdl 2048] Schwarz hat Initiative.} 28. Bd5 (28. Bxf4 $15 Rxb2 29. Rd1) 28... Re5 $17 29. Rd1 {[#]} g5 $1 {Und weiter mit ...Tbe8 wäre nett.} 30. a6 $2 (30. Kh2 $17 {leistet mehr Widerstand.}) 30... Rbe8 $19 31. Kg1 Re1+ 32. Rxe1 Rxe1+ 33. Kf2 Rxc1 34. Ra4 Rc2+ 35. Kf3 Rxb2 36. Bxc4 Nxc4 37. Rxc4 {[%mdl 4096] Endspiel KTL-KT} Rb6 38. Rc8+ Bf8 39. c4 Rxa6 40. c5 Kg7 41. c6 h6 42. h4 Ra3+ 43. Ke4 Rc3 44. h5 a5 {[%cal Ba7a5,Ba5a4,Ba4a3][%mdl 32]} 45. Kd5 a4 46. c7 a3 {Schwarz setzt Matt.} 47. Kd4 Rc2 48. Kd3 Rc1 49. Kd2 Rc6 50. Kd3 Bd6 {Precision: Weiß = 27%, Schwarz = 57%.} 0-1

[Event "FIDE WCC 2018"]
[Site "Khanty-Mansiysk"]
[Date "2018.11.08"]
[Round "2.4"]
[White "Saduakassova, Dinara"]
[Black "Stefanova, Antoaneta"]
[Result "0-1"]
[WhiteElo "2474"]
[BlackElo "2490"]
[Annotator "TA"]
[PlyCount "60"]
[EventDate "2018.11.03"]
[EventType "k.o."]
[EventCountry "RUS"]
[SourceTitle "playchess.com"]
[Source "ChessBase"]
[SourceQuality "1"]

{[%evp 15,60,16,18,10,27,0,56,45,72,47,60,32,55,69,71,35,30,30,39,-40,0,-71,-45,-207,-181,-191,-191,-314,-318,-411,-411,-412,-227,-449,-445,-430,-422,-431,-421,-427,-429,-403,-409,-29984,-29985,-29985,-29986]} 1. e4 e5 2. Nf3 Nc6 3. Bc4 Nf6 4. d3 h6 5. O-O d6 6. c3 g5 {C55: Two Knights: 4 d3, 4 d4 exd4 5 e5 and Max Lange Attack} 7. Be3 (7. a4 Bg7 8. Re1 O-O 9. h3 d5 10. exd5 Nxd5 11. Nbd2 a6 12. Ne4 Nf4 13. a5 b5 14. axb6 cxb6 {1-0 (43) Karjakin,S (2782)-Mamedyarov,S (2808) Paris 2018}) 7... Bg7 8. Nbd2 O-O {LiveBook: 3 Games. The position is equal.} 9. d4 Qe7 $146 ({Predecessor:} 9... exd4 10. Nxd4 Ne5 11. Be2 Neg4 12. Bxg4 Bxg4 13. Qc2 Re8 14. c4 {0-1 (48) Fossan,E (2342)-Hammer,J (2621) Norway 2018}) 10. Qc2 Kh8 (10... exd4 $11 11. cxd4 (11. Nxd4 Ne5 $11) (11. Bxd4 Be6 $11) 11... Nb4) 11. dxe5 $14 dxe5 12. b4 {[%cal Bb2b4,Bb4b5][%mdl 32] aiming for Bc5.} b6 13. a4 a5 14. b5 Nd8 15. Nb3 Bb7 16. Bd3 Nh5 17. c4 (17. Rfe1 $14) 17... f5 {[%cal Bf7f5,Bf5f4][%mdl 32]} 18. Bc1 {[#]} (18. c5 $11) 18... c5 $1 $17 19. Re1 $2 (19. bxc6 $1 $15 Nxc6 20. Ba3 (20. exf5 $2 e4 $19)) 19... g4 $19 20. Nfd2 f4 21. Nf1 (21. f3 $142 g3 22. h3 (22. hxg3 $2 Nxg3 23. Nf1 Qh4 $19)) 21... Ne6 22. Bb2 Qh4 23. Rad1 g3 (23... Ng5 $142 {Threatens to win with ...Nf3+!} 24. Ra1 Rad8) 24. fxg3 $2 (24. f3) 24... fxg3 25. hxg3 Nxg3 26. Nxg3 Qxg3 27. Bc1 Nf4 28. Bxf4 Rxf4 ({Not} 28... Qxf4 29. Qe2 $15) 29. Bf1 {[#]} (29. Qe2 $19 Rh4 30. Nd2) 29... Raf8 30. Rd3 Qxe1 {Precision: White = 29%, Black = 47%.} 0-1

[Event "FIDE WCC 2018"]
[Site "Khanty-Mansiysk"]
[Date "2018.11.08"]
[Round "2.4"]
[White "Pogonina, Natalija"]
[Black "Zhu, Jiner"]
[Result "1/2-1/2"]
[WhiteElo "2465"]
[BlackElo "2379"]
[Annotator "TA"]
[PlyCount "108"]
[EventDate "2018.11.03"]
[EventType "k.o."]
[EventCountry "RUS"]
[SourceTitle "playchess.com"]
[Source "ChessBase"]
[SourceQuality "1"]

{[%evp 18,108,26,18,20,15,19,8,21,27,52,-2,-5,-36,-6,-6,58,-73,-69,-75,-73,-72,-100,-83,-49,-80,-72,-85,-75,-93,-56,-112,-37,-117,-127,-174,0,0,0,-53,-54,-61,-16,-42,-29,-57,-43,-56,-14,-27,-37,-71,-47,-44,-32,-47,-17,-15,-15,-22,-27,-55,-19,-39,-26,-63,-63,-63,-63,-63,-63,-63,-63,-66,-79,-52,-29,-38,-10,-81,0,0,0,0,0,0,0,0,0,0,0,0,0]} 1. d4 Nf6 2. c4 g6 3. Nf3 Bg7 4. e3 O-O 5. Be2 c5 (5... d6 6. Nc3 Bf5 7. Qb3 b6 8. d5 a5 9. Nd4 Bd7 10. O-O Na6 11. Qd1 Nc5 12. Bf3 Rc8 13. a3 e5 14. dxe6 Nxe6 {0-1 (56) Topalov,V (2747)-Ding,L (2797) Wenzhou 2018}) 6. d5 {E60: Königsindisch (ohne Sc3)} e6 7. Nc3 exd5 8. cxd5 d6 9. Nd2 Na6 10. O-O {LiveBook: 27 Partien} Nc7 11. e4 Re8 12. Re1 a6 {[%cal Ba7a6,Ba6b5][%mdl 32]} 13. a4 b6 14. Bf1 ({Lieber} 14. Bf3 $1 $14) 14... Rb8 $11 15. Nc4 $146 ({Vorgänger:} 15. Rb1 b5 {½-½ (33) Teterev,V (2487)-Meribanov,V (2385) Minsk 2017}) 15... b5 $36 {[%mdl 2048] Schwarz hat Druck.} 16. axb5 Nxb5 (16... axb5 $11 17. Na5 Bd7) 17. Nxb5 (17. Bg5 $14) 17... axb5 $17 18. Na5 Bd7 $1 19. Nc6 Bxc6 $1 20. dxc6 {e5! ist eine echte Drohung.} Qb6 21. Qxd6 Rbd8 22. Qf4 Qxc6 {[%cal Rf6e4]} 23. Ra7 Qb6 24. Ra1 (24. Qc7 $15 Qxc7 25. Rxc7) 24... Qb7 ({Besser ist} 24... c4 $1 $17) 25. Ra5 {[#]} (25. e5 $15) 25... c4 $1 {[%cal Rf6e4]} 26. Qg5 Nxe4 $2 ({Günstiger ist} 26... Rxe4 $19 27. Rxe4 Qxe4) 27. Qxb5 $11 Qc7 {Weiss muss nun ...Ld4 beachten.} 28. Ra4 (28. Be3 $1 $11) 28... Bd4 $15 29. Be3 $1 {[%cal Re3d4]} Nd6 (29... Nd2 $5 30. Ra6 (30. Bxc4 $2 Re5 $19) 30... Bxe3 31. fxe3 Qe7 $17) 30. Qd5 Bxe3 31. Rxe3 Rxe3 32. fxe3 Qe7 33. Qc5 Rc8 34. Ra7 {Schwarz sollte Dxc8+! verhindern.} Qe6 35. Qb6 $1 Qe8 {Und weiter mit ...Tc6 wäre nett.} 36. Ra3 Rc6 37. Qb4 h5 38. h3 Kh7 39. Rc3 Qc8 40. Be2 Qc7 41. Qa4 Qb6 42. Qc2 Nb5 43. Rxc4 Qxe3+ 44. Kh1 Re6 45. Bf1 $1 Nd6 46. Rc3 Qe1 47. Rf3 Nf5 48. Qf2 {[#]} (48. Qc3 $11) 48... Qc1 (48... h4 $1 $17 49. Kg1 Qc1) 49. g4 $1 $11 {[%cal Rg4f5] Die Stellung ist ausgeglichen.} hxg4 50. hxg4 Nh6 {zielt auf ...Te4 ab.} 51. Rxf7+ Nxf7 52. Qxf7+ Kh6 {Droht stark ...Dc6+.} 53. Qxe6 Qxf1+ 54. Kh2 Qf2+ {Precision: Weiß = 31%, Schwarz = 55%.} 1/2-1/2

[Event "FIDE WCC 2018"]
[Site "Khanty-Mansiysk"]
[Date "2018.11.08"]
[Round "2.4"]
[White "Hoang, Thanh Trang"]
[Black "Lagno, Kateryna"]
[Result "0-1"]
[WhiteElo "2448"]
[BlackElo "2556"]
[Annotator "TA"]
[PlyCount "126"]
[EventDate "2018.11.03"]
[EventType "k.o."]
[EventCountry "RUS"]
[SourceTitle "playchess.com"]
[Source "ChessBase"]
[SourceQuality "1"]

{[%evp 20,126,31,27,29,30,32,41,56,22,22,22,22,22,30,28,32,30,29,0,0,0,0,-11,-12,-16,-6,-12,0,0,0,0,-3,-3,0,-16,0,0,0,0,0,0,0,0,0,0,0,0,0,0,0,0,0,0,0,-17,-17,-60,-6,-6,-6,-6,-6,-7,0,-7,-7,-7,-7,-9,-7,-139,-133,-132,-132,-109,0,0,0,0,0,0,0,-11,-129,-12840,-12840,-12846,-12847,-12847,-12847,-12849,-12849,-12850,-29982,-29982,-29983,-12851,-29984,-12851,-29986,-29986,-29987,-29987,-29986,-29986,-29987,-29987,-29988]} 1. d4 Nf6 2. Nf3 g6 3. Bf4 Bg7 4. e3 O-O 5. h3 c5 6. c3 d6 7. Nbd2 Nc6 8. dxc5 {A48: 1 d4 Nf6 2 Nf3 g6: Torre, London and Colle Systems} dxc5 9. Qc2 (9. Be2 Bf5 10. O-O Qc8 11. Qb3 b6 12. Rfd1 Qb7 13. Nc4 Rad8 14. Nfe5 Nxe5 15. Nxe5 {½-½ (45) Bu,X (2695)-Ding,L (2749) Danzhou 2015}) 9... Be6 10. Be2 h6 11. O-O {LiveBook: 3 Games} Qc8 12. Rfd1 Rd8 13. Bh2 $146 ({Predecessor:} 13. e4 b6 14. Ne5 Ne8 {0-1 (32) Bouhallel,R (2302)-Shchekachev,A (2522) Bethune 2003}) 13... g5 14. Ne5 Bf5 15. Qb3 Nxe5 16. Bxe5 Qe6 17. Qxe6 Bxe6 18. Bf3 Bd5 19. c4 Bxf3 20. Nxf3 Ne4 21. Bxg7 Kxg7 22. Kf1 Kf6 23. Ke2 e6 24. Nd2 Nxd2 25. Rxd2 Rxd2+ 26. Kxd2 $11 {[%mdl 4096] Endgame KR-KR} Rd8+ 27. Kc3 h5 28. a3 a5 29. Rb1 b6 30. b4 axb4+ 31. axb4 Ra8 32. bxc5 bxc5 33. Rb5 Ra2 34. Rb2 Ra3+ 35. Rb3 Ra2 36. Rb2 Ra1 37. Kd3 Ra3+ 38. Kc2 g4 ({Black should play} 38... Ke5 $15) 39. hxg4 hxg4 40. Rb3 Ra2+ 41. Rb2 Ra1 42. Kd3 Ra3+ 43. Kd2 Ke5 44. f3 $1 g3 45. Rb7 (45. Rb5 $11 {remains equal.}) 45... Ra2+ $17 46. Kd3 f5 $1 ({Of course not} 46... Rxg2 $6 47. Rxf7 Ra2 48. f4+ Kd6 49. Rg7 $11) 47. Rb5 {[#]} Rxg2 (47... Kd6 $1 $17 48. Rb8 Rxg2) 48. Rxc5+ $11 Kd6 49. Rc8 $1 Rg1 50. Rg8 e5 51. Rg6+ Kc5 {And now ...g2 would win.} 52. Rg5 $2 {[%mdl 8192]} (52. Ke2 $17) 52... g2 $19 53. Ke2 Ra1 54. Rxg2 Ra2+ 55. Kf1 {[#]} Rxg2 $1 56. Kxg2 Kxc4 {KPP-KPP} 57. e4 f4 {[%cal Bf5f4,Bf4f3,Bf3f2][%mdl 32]} 58. Kh3 Kd3 59. Kg4 Ke3 60. Kf5 {Black mates.} Kxf3 61. Kxe5 Kg3 62. Kd6 f3 63. e5 f2 {Precision: White = 51%, Black = 70%.} 0-1

[Event "FIDE WCC 2018"]
[Site "Khanty-Mansiysk"]
[Date "2018.11.08"]
[Round "2.4"]
[White "Atalik, Ekaterina"]
[Black "Muzychuk, Mariya"]
[Result "0-1"]
[WhiteElo "2445"]
[BlackElo "2545"]
[Annotator "TA"]
[PlyCount "92"]
[EventDate "2018.11.03"]
[EventType "k.o."]
[EventCountry "RUS"]
[SourceTitle "playchess.com"]
[Source "ChessBase"]
[SourceQuality "1"]

{[%evp 19,92,0,0,0,0,0,0,-8,14,-136,-95,-197,-184,-175,-185,-188,-188,-177,-186,-164,-164,-169,-114,-164,-168,-154,-149,-282,-286,-284,-286,-419,-406,-694,-679,-616,-614,-616,-485,-507,-502,-446,-466,-1880,-827,-1412,-668,-716,-777,-682,-661,-1072,-1052,-999,-862,-1000,-916,-784,-508,-499,-482,-482,-450,-5069,-5069,-29958,-29960,-29947,-29947,-29970,-29970,-29972,-29965,-29967,-29968]} 1. d4 d5 2. c4 c6 3. Nf3 Nf6 4. Nc3 e6 5. g3 dxc4 6. Bg2 Nbd7 7. O-O Be7 8. a4 O-O 9. e4 e5 10. dxe5 Ng4 11. Bf4 {E07: Closed Catalan: Main Line (5 Nf3 0-0 6 0-0 Nbd7)} Qa5 {[%cal Rd7e5]} 12. e6 fxe6 13. Bh3 {The position is equal.} Nde5 {[#]} 14. Nd2 $146 (14. Bxg4 $11 Nxg4 15. e5) ({Predecessor:} 14. Bxg4 Nxg4 15. e5 Qd8 16. Nd2 h5 17. h3 g5 18. hxg4 gxf4 19. gxh5 fxg3 {1-0 (30) Sarana,A (2573)-Dreev,A (2657) Yaroslavl 2018}) 14... Nxf2 15. Rxf2 (15. Kxf2 $17 g5 16. Kg2 gxf4 17. gxf4) 15... Bc5 $19 {And now ...Nd3 would win.} 16. Qe2 Bxf2+ 17. Qxf2 {[#]} g5 $1 {[%mdl 512]} 18. Kh1 (18. Bxg5 Rxf2) 18... gxf4 19. gxf4 Ng6 20. Rg1 Qc7 ({Black should play} 20... b6 $19 21. Nxc4 Qc5) 21. Ne2 Kh8 22. Nxc4 b5 {[%cal Bb7b5,Bb5b4][%mdl 32]} 23. Qd4+ (23. Qc5 $17) 23... e5 $1 {[%cal Re5d4]} 24. Nxe5 Nxe5 25. fxe5 (25. Bxc8 $142 Raxc8 26. fxe5) 25... c5 26. Qc3 (26. Qd3 $142 Qxe5 27. Bxc8 Raxc8 28. axb5) 26... b4 27. Qe3 Bxh3 28. Nf4 Rxf4 29. Qxf4 {[#] Intending Qf6+ and mate.} Qe7 30. e6 Qxe6 31. Rg5 (31. Rg3 $142 h5 32. Rg5) 31... Re8 32. Kg1 Rg8 33. Kf2 Rxg5 34. Qxg5 c4 35. Ke3 h6 36. Qd8+ Kg7 37. Qc7+ Kg6 38. Qg3+ Kf7 39. Qc7+ Qe7 40. Qxc4+ Be6 41. Qb5 (41. Qd4 $142) 41... Qg5+ 42. Kd4 Qxb5 {Black mates.} 43. axb5 b3 44. Kc5 Kf6 45. Kd6 Bc4 46. e5+ Kf5 {Precision: White = 23%, Black = 68%.} 0-1

[Event "FIDE WCC 2018"]
[Site "Khanty-Mansiysk"]
[Date "2018.11.08"]
[Round "2.4"]
[White "Ni, Shiqun"]
[Black "Kosteniuk, Alexandra"]
[Result "0-1"]
[WhiteElo "2436"]
[BlackElo "2543"]
[Annotator "TA"]
[PlyCount "104"]
[EventDate "2018.11.03"]
[EventType "k.o."]
[EventCountry "RUS"]
[SourceTitle "playchess.com"]
[Source "ChessBase"]
[SourceQuality "1"]

{[%evp 25,104,0,0,0,24,-21,-33,-24,-16,-20,16,0,17,-35,-47,-47,-45,-43,-45,-83,-95,-94,-86,-87,-79,-98,-104,-98,-101,-109,-123,-129,-120,-121,-106,-112,-70,-133,-59,-238,-241,-242,-222,-205,-129,-160,-145,-200,-95,-97,0,-34,-50,-103,-119,-120,-104,-185,-222,-284,-87,-255,-271,-247,-167,-200,-166,-339,-322,-591,-304,-322,-307,-281,-45,-45,-54,-28,-18,-27,0]} 1. e4 e5 2. Nf3 Nc6 3. Bb5 a6 4. Ba4 Nf6 5. O-O Be7 6. Re1 b5 7. Bb3 O-O 8. a4 b4 9. d3 d6 10. Nbd2 Na5 {C88: Closed Ruy Lopez: Anti-Marshall Systems} 11. Ba2 c5 12. Nf1 (12. Nc4 Nc6 13. h3 h6 14. Ne3 Be6 15. Nd5 Na5 16. c3 bxc3 17. bxc3 Nxd5 18. exd5 {½-½ (41) Kryvoruchko,Y (2717)-Tomashevsky,E (2743) Reykjavik 2015}) 12... Be6 13. Bxe6 fxe6 {LiveBook: 3 Games} 14. c3 Rb8 15. Ng3 {[#]} bxc3 $146 ({Predecessor:} 15... Nd7 16. d4 exd4 17. cxd4 c4 18. d5 e5 19. Be3 Nb3 20. Rb1 Rc8 21. Nf1 {½-½ (63) Thipsay,P (2435)-Torre,E (2565) Thessaloniki 1984}) 16. bxc3 c4 17. Ba3 Nd7 18. d4 Nb3 19. dxe5 (19. Ra2 $11) 19... dxe5 $15 (19... Nxe5 $6 20. Nxe5 dxe5 21. Qxd8 $16) 20. Bxe7 Qxe7 21. Ra2 Nbc5 22. Nd2 Nd3 23. Rf1 Qc5 $1 24. Nh1 Rf6 25. g3 Rbf8 26. Qe2 a5 27. h3 Nb6 $36 {[%mdl 2048] Black is on the roll.} 28. Kg2 Qc6 $1 29. Qd1 Nc5 30. f3 Rd8 31. Qc2 (31. Nf2 $1 $15) 31... Rf7 ({Black should play} 31... Nb3 $17 32. Rf2 Rf7 33. Nxb3 cxb3 34. Qxb3 Nc4) 32. Rb1 $2 (32. Nf2 $15) 32... Rfd7 $19 33. Nf1 Nb3 (33... Nbxa4 34. Nf2) 34. Nf2 h5 {[%cal Bh7h5,Bh5h4][%mdl 32]} 35. g4 h4 $1 36. g5 (36. Qe2 $17) 36... Qc5 (36... Nxa4 $19 37. Kh1 Nac5) 37. Qe2 $17 Rd6 ({Better is} 37... Nc8 $1 $17) 38. Qe1 Nd7 39. Ng4 (39. Qe3 $15) 39... Nf8 $1 40. Qxh4 Ng6 $1 {[%cal Rg6h4]} ({Reject} 40... Rd1 $6 41. Rxd1 Rxd1 42. Qf2 $11) 41. Qe1 {[#]} (41. Qf2 $17 Qc7 42. Rc2) 41... Rd3 $1 $19 {[%mdl 1024] Black has strong compensation.} (41... Nf4+ 42. Kh2 $15) 42. Nge3 Nf4+ $2 (42... Qf8 $19 {Threatens to win with ...Qf4.} 43. Rf2 Nc5) 43. Kg3 $2 (43. Kh1 $17) 43... Qf8 ({Don't take} 43... Qe7 44. h4 $17) 44. Rf2 Nh5+ 45. Kg2 {[#]} Qf4 $1 46. Ng4 $2 (46. Nxc4 Nc5 47. Nxa5) 46... Qxg5 47. Nfe3 $2 (47. Kh1 Nf4 48. h4 Qxh4+ 49. Rh2 Qxe1 50. Rxe1) 47... Qh4 48. Kg1 Nf4 ({Worse is} 48... Qxh3 49. Rh2 $11) 49. Rh2 Nxh3+ $2 (49... Qxe1+ $19 50. Rxe1 Rxc3 51. Nxe5 Nd3 52. Nxd3 cxd3) 50. Kh1 $15 Qxe1+ 51. Rxe1 Nf4 52. Nxc4 Rd1 {[%mdl 32768] Precision: White = 34%, Black = 51%. . Loss on Time!?} 0-1

[Event "FIDE WCC 2018"]
[Site "Khanty-Mansiysk"]
[Date "2018.11.08"]
[Round "2.4"]
[White "Tokhirjonova, Gulrukhbegim"]
[Black "Tan, Zhongyi"]
[Result "1-0"]
[WhiteElo "2435"]
[BlackElo "2513"]
[Annotator "TA"]
[PlyCount "91"]
[EventDate "2018.11.03"]
[EventType "k.o."]
[EventCountry "RUS"]
[SourceTitle "playchess.com"]
[Source "ChessBase"]
[SourceQuality "1"]

{[%evp 10,91,12,4,5,5,5,5,13,7,11,6,7,8,31,14,37,28,38,27,50,15,75,10,68,39,68,72,74,44,70,20,14,17,16,0,36,17,19,0,77,67,69,75,100,87,91,97,89,75,81,78,143,56,66,65,33,36,132,145,145,141,371,369,1337,368,371,371,370,371,327,327,726,292,657,652,636,611,29990,29991,29991,29992,29998,29999]} 1. e4 e5 2. Nf3 Nc6 3. Bb5 Nf6 4. d3 Bc5 5. O-O Nd4 6. Be3 {LiveBook: 3 Games. C65: Ruy Lopez: Berlin Defence (3...Nf6), unusual lines and 4 0-0 Bc5} Nxf3+ 7. Qxf3 Bxe3 8. Qxe3 {The position is equal.} c6 9. Bc4 O-O 10. Bb3 d6 11. Nd2 Nd7 $146 ({Predecessor:} 11... Re8 12. f4 Be6 13. Kh1 exf4 14. Qxf4 {0-1 (52) Sutovsky,E (2647)-Jakovenko,D (2735) Poikovsky 2018}) 12. f4 Qe7 13. f5 $36 {[%mdl 2048] White is more active.} Kh8 14. c3 Rd8 15. Rae1 f6 (15... a5 $11 {remains equal.}) 16. Kh1 (16. d4 $16) 16... Nf8 ({Black should try} 16... a5 $11) 17. d4 Bd7 18. Nf3 a5 19. a3 b5 20. Qf2 Be8 21. g4 b4 22. Rg1 bxc3 23. bxc3 Rab8 24. Ba2 Bf7 (24... Rd7 $11 {keeps the balance.}) 25. Bxf7 $16 Qxf7 26. g5 Rb3 27. gxf6 Qxf6 28. dxe5 dxe5 29. Qc5 Rb5 30. Qc4 h6 {[#]} (30... Rdb8 $142) 31. Rg2 (31. Rxg7 $1 $16 Qxg7 32. Rg1) 31... Rdb8 $14 32. Qa2 R8b7 33. Reg1 Qf7 (33... Rb3 $14) 34. c4 $16 Rb3 35. Nxe5 Qe7 $2 (35... Qf6 $16 {was necessary.} 36. Qa1 c5 37. Ng6+ Nxg6 38. Qxf6 (38. fxg6 Qe7 $11) (38. Rxg6 Qxa1 39. Rxa1 Re3 $11) 38... gxf6 39. Rxg6 Kh7) 36. Qa1 $18 Qh4 $2 {[#]} (36... Qf6 37. Ng6+ Nxg6) 37. Qd4 $2 (37. Rxg7 $3 {[%mdl 512]} Qxe4+ (37... Rxg7 38. Nf7+) 38. R7g2) 37... Qf6 38. Ng6+ Nxg6 39. Qxf6 gxf6 40. Rxg6 Rxa3 $2 (40... Kh7 41. Rxf6 Rxa3 42. Rxc6 Re3) 41. Rxf6 {KRR-KRR} (41. Rxh6+ $142 Rh7 42. Rxf6) 41... Re3 $2 (41... Kh7 42. Rxc6 Re3) 42. Rxh6+ Rh7 43. Rxc6 {[%cal Rc6c8]} Rh4 44. Rc8+ {White mates.} Kh7 45. Rc7+ Kh6 46. Rg6+ {Precision: White = 53%, Black = 36%.} 1-0